Wszystkie gminy w Polsce na literę Ż - Statystyki

Ogólne statystyki
  • Ten quiz został rozwiązany 40 razy
    22 od ostatniego zresetowania
  • Średni wynik to 14 z 29
Statystyki odpowiedzi
Województwo Gmina % Poprawnych
lubuskie Żary
100%
śląskie Żory
95%
mazowieckie Żyrardów
84%
mazowieckie Żuromin
79%
kujawsko-pomorskie Żnin
74%
śląskie Żywiec
74%
łódzkie Żarnów
68%
dolnośląskie Żarów
68%
łódzkie Żychlin
68%
śląskie Żarki
58%
pomorskie Żukowo
58%
małopolskie Żabno
53%
śląskie Żarnowiec
53%
mazowieckie Żelechów
53%
wielkopolskie Żerków
53%
podkarpackie Żurawica
47%
lubelskie Żyrzyn
47%
dolnośląskie Żmigród
37%
podkarpackie Żołynia
37%
dolnośląskie Żórawina
37%
małopolskie Żegocina
32%
łódzkie Żelechlinek
26%
lubelskie Żmudź
26%
podkarpackie Żyraków
26%
łódzkie Żytno
26%
mazowieckie Żabia Wola
16%
lubelskie Żółkiewka
16%
wielkopolskie Żelazków
5%
dolnośląskie Żukowice
5%
Nie znaleziono quizów pasujących do podanych kryteriów
Rozkład punktacji
Procent ludzi z każdym wynikiem
Percentyl według liczby udzielonych odpowiedzi
Twoja historia wyników
Nie rozwiązałeś tego quizu od ostatniego zresetowania